Cicatrices - Natos y Waor - Estadísticas

Estadísticas generales
  • Esta prueba ha sido intentada 115 veces
  • La puntuación promedio es 252 de 319
Estadísticas de respuestas
% Correcto
a
96%
en
96%
En
96%
Kifi
96%
de
94%
tiempo
94%
las
92%
lo
92%
los
92%
Los
92%
mi
92%
que
92%
cielo
91%
El
91%
el
91%
es
91%
Es
91%
la
91%
Me
91%
me
91%
No
91%
no
91%
¿Quién
91%
quién
91%
si
91%
Si
91%
Sift,
91%
te
91%
Te
91%
Voy
91%
y
91%
Y
91%
cicatrices,
89%
nuestro
89%
tierra
89%
Como
87%
como
87%
cómo
87%
¿cómo
87%
cuando
87%
doscientos
87%
estemos
87%
muertos?
87%
por
87%
se
87%
87%
87%
con
85%
gritará
85%
nombre
85%
Nos
85%
nos
85%
pa'
85%
tengo
85%
viento
85%
besar
83%
lleva
83%
mis
83%
palabras
83%
poco
83%
tu
83%
un
83%
camino
81%
cierto
81%
dijo
81%
hablan
81%
sobrara
81%
veces
81%
acabara,
79%
acabó
79%
mundo
79%
sin
79%
tropecé
79%
besara,
77%
besara
77%
Fumamos
77%
lento
77%
nada
77%
Orgulloso
77%
polen
77%
todas
77%
yo
77%
ahora
75%
amor,
75%
avancé,
75%
cada
75%
Cada
75%
fans
75%
mirar
75%
Mirar
75%
ver
75%
cemento
74%
del
74%
despedimos
74%
difíciles
74%
Fóllame
74%
ganar
74%
garito
74%
imagen
74%
luego
74%
marcadas
74%
Para
74%
quiéreme
74%
soy
74%
tiempos
74%
callejero
72%
desde
72%
Dicen
72%
Elegante,
72%
esperara,
72%
felices
72%
hay
72%
honor
72%
juego
72%
juego?
72%
junta
72%
lado
72%
'lante
72%
mímica,
72%
pero
72%
pública
72%
segundo
72%
su
72%
toro
72%
alcance
70%
analicen
70%
Aprendí
70%
balance
70%
bronce
70%
callara,
70%
cigarro
70%
dentro,
70%
dentro
70%
Parte 2 Disfruto
70%
entre
70%
hagamos
70%
hice
70%
histéricas
70%
lince,
70%
momentos
70%
ojos
70%
placer
70%
Porque
70%
porro
70%
quieres
70%
siga
70%
agujero.
68%
anillos
68%
arder
68%
corazón,
68%
cuesta
68%
entrar
68%
esos
68%
euros
68%
fuego
68%
ganarse
68%
números
68%
pecho
68%
pedirte
68%
perder
68%
piel
68%
Quiero
68%
quiero
68%
2011
66%
ayer
66%
dejé
66%
destrozando
66%
esa
66%
olvidarme
66%
tocar
66%
trance
66%
caen
64%
dónde
64%
haters
64%
joyero
64%
metértelo
64%
rabiosos,
64%
ruedas
64%
ser
64%
siento
64%
vengo
64%
vuelvo
64%
cuerpo,
62%
Entonces
62%
esto
62%
Exprimo
62%
hizo
62%
les
62%
nacer
62%
Siempre
62%
bordillo,
60%
Dry
60%
fénix
60%
hablando
60%
player,
60%
puertas
60%
salimos
60%
veo
60%
barro
58%
cerrajero
58%
Ojalá
58%
pasa,
58%
regalé
58%
abrí
57%
confundas
57%
polémica
57%
Preparao'
57%
vieran
57%
creando
55%
deseando
55%
diamante
55%
llaves
55%
relajarme,
55%
sentarme
55%
guardado
53%
instante
53%
Bumping
43%
insultan
43%
No se encontraron pruebas coincidentes
Distribución de puntuación
Porcentaje de gente con cada puntuación
Porcentaje por número respondido
Historial de tus puntuaciones
No has intentado esta prueba.